00385nam a22001457a 4500003000400000005001700004008004100021020001800062040000700080082001600087100003200103245007100135260002500206300000800231OSt20210827144235.0210827b |||||||| |||| 00| 0 eng d a0-7487-5475-X cHU 24rta513.53 aJ. CRAWSHAW and J. CHAMBERS aa concise course in ADVANCED LEVEL STATISTICS With Worked examples bnelson thornesc2002 a683